| 000 | 00526nam a2200205Ia 4500 | ||
|---|---|---|---|
| 003 | GCL | ||
| 008 | 140319s9999 xx 000 0 eng d | ||
| 020 | _a0679755667 | ||
| 040 |
_aGCL / _cGCL |
||
| 082 | 0 | 4 |
_a916.204 _bK E |
| 100 | 1 | _aALLATON, WENDY | |
| 245 | 1 | 0 |
_aEGYPT / _cALLATON, WENDY |
| 260 |
_aانجلترا : _bKNOPF GUIDES |
||
| 300 |
_a560 P _bILL. ؛ _c22 cm. |
||
| 490 |
_aKNOPE GUIDE _v0 |
||
| 650 | 0 | 4 | _aEGYPT |
| 650 | 0 | 4 | _aEGYPT - GUIDE BOOKS |
| 650 | 0 | 4 | _aEGYPT - DESCRIPTION AND TRAVEL |
| 942 |
_2ddc _cBK |
||
| 999 |
_c7396 _d7396 |
||